Background ventilators for dwellings (Record no. 104894)

MARC details
000 -LEADER
fixed length control field 01124cam a2200241 4500
001 - CONTROL NUMBER
control field ##L131882
008 - FIXED-LENGTH DATA ELEMENTS--GENERAL INFORMATION
fixed length control field 051214n2003 000 0 eng u
020 ## - INTERNATIONAL STANDARD BOOK NUMBER
International Standard Book Number 186081610X
035 ## - SYSTEM CONTROL NUMBER
System control number (Sirsi) u131882
041 0# - LANGUAGE CODE
Language code of text/sound track or separate title eng
050 04 - LIBRARY OF CONGRESS CALL NUMBER
Classification number 697.92
100 1# - MAIN ENTRY--PERSONAL NAME
Personal name Ross, D. I.
245 00 - TITLE STATEMENT
Title Background ventilators for dwellings
260 ## - PUBLICATION, DISTRIBUTION, ETC.
Place of publication, distribution, etc. London
Name of publisher, distributor, etc. BRE
Date of publication, distribution, etc. 2003
300 ## - PHYSICAL DESCRIPTION
Extent 6p
Other physical details ill
Dimensions 30cm
490 #0 - SERIES STATEMENT
Series statement BRE Information Paper
Volume/sequential designation IP 2/03
520 ## - SUMMARY, ETC.
Summary, etc. This information paper discusses the philosophy behind background ventilation in the Building Regulations, the types and merits of the background vents available (manually adjustable vents, humidity-controlled vents, temperature-controlled vents, pressure-controlled-difference vents, acoustic vents), and a method of vent performance testing proposed in the European Standard on residential ventilation.
650 24 - SUBJECT ADDED ENTRY--TOPICAL TERM
Topical term or geographic name entry element BUILDING REGULATIONS 1991 APPROVED DOCUMENT F (1995 EDITION)
690 ## - LOCAL SUBJECT ADDED ENTRY--TOPICAL TERM (OCLC, RLIN)
Topical term or geographic name as entry element BUILT ENVIRONMENT-BUILDING SERVICES-BUILDING SERVICES ENGINEERING-HEATING AND VENTILATION ENGINEERING
700 1# - ADDED ENTRY--PERSONAL NAME
Personal name Stephen, R. K.
700 1# - ADDED ENTRY--PERSONAL NAME
Personal name Pierce, J. B. M.
942 ## - ADDED ENTRY ELEMENTS (KOHA)
Suppress in OPAC 0
Holdings
Withdrawn status Lost status Source of classification or shelving scheme Damaged status Not for loan Home library Current library Shelving location Date acquired Total Checkouts Full call number Barcode Date last seen Copy number Price effective from Koha item type
    Dewey Decimal Classification     London London BRE publications 14/12/2005   ENQUIRY DESK 30071796 06/08/2019 1 06/08/2019 Book